000 00382 a2200169 4500
001 187936
020 _a978-85-356-1823-5
040 _cMagnum
100 _aCampitelli, Tereza Malcher
240 1 0 _aUm cão cheio de idéias
_lpor
245 1 0 _aUm cão cheio de idéias
300 _a63
362 0 _a2007
440 1 _aPaulinas
697 _aLITERATURA INFANTO
942 _cBK
999 _c187936
_d187936